000 00620nam a22001937a 4500
003 NUST
005 20240222154247.0
038 _aMr. Zahoor
082 _a610.28
100 _aFatima, Izzat
_916245
245 _aMODULATORY EFFECT OF TRANSCRANIAL DIRECT CURRENT STIMULATION ON TRIPODAL INTEGRATION /
_cIzzat Fatima
260 _aIslamabad:
_bSMME - NUST,
_c2018.
300 _axix, 74 p.: ill.;
_b30cm.
500 _aHardcover
650 _aBiomedical Sciences - MS Thesis
_916246
700 _aDr. Muhammad Nabeel Anwar
_916247
856 _uhttp://10.250.8.41:8080/xmlui/handle/123456789/8286
942 _2ddc
_cTHE
999 _c525387
_d525387